|
|
|
|
| LEADER |
00000nab a2200000 a 4500 |
| 001 |
vtls000817459 |
| 003 |
SK-MaSNL |
| 005 |
20260304114519.0 |
| 008 |
250429c2002 xo 0 slo |
| 015 |
|
|
|a SNBRB2002/12-39780
|
| 035 |
|
|
|a CLN000169114
|
| 035 |
|
|
|a urn:nbn:sk:snk-ab6o1q
|
| 035 |
|
|
|a (uuid)8036f7dd-7d1c-472b-9e33-b8440e97d2d2
|
| 035 |
|
|
|a (urnnbn)urn:nbn:sk:snk:ar-005o3d
|
| 035 |
|
|
|a (sysno)vtls000817459
|
| 040 |
|
|
|a SNKBUCL
|b slo
|c SNKBUCL
|e AACR2
|
| 041 |
0 |
|
|a slo
|
| 044 |
|
|
|a xo
|c SK
|
| 080 |
|
|
|a 621.791:006(4)
|2 1997
|
| 080 |
|
|
|a 006(4)
|2 1997
|
| 245 |
0 |
0 |
|a Nové EN z oblasti zvárania schválené CEN od 1.1.2002 do 31.7.2002
|
| 650 |
0 |
7 |
|a zváranie
|x normy technické
|x Európa
|2 snkbucl
|9 1419332
|
| 650 |
0 |
7 |
|a normy technické medzinárodné
|2 snkbucl
|9 1375860
|
| 655 |
|
7 |
|a články z novín a časopisov
|2 snkbucl
|9 267496
|
| 773 |
0 |
|
|t Zváranie
|g Roč. 51, č. 9-10 (2002), s. 220-221
|x 0044-5525
|
| 850 |
|
|
|a Slovenská národná knižnica
|
| 852 |
|
|
|a Slovenská národná knižnica
|
| 954 |
|
|
|a odborná, vedecká literatúra pôvodná (slovenská)
|2 lita
|
| 958 |
|
|
|a article
|
| 958 |
|
|
|a OND
|
| 958 |
|
|
|a EUIPO
|
| 992 |
|
|
|a RBX
|
| 999 |
|
|
|c 2873046
|d 2874976
|